00821nam a2200205 i 450000100060000000300090000600700030001500800410001810000300005924501160008926000550020530000330026049000560029350000120034950400200036183000640038185200320044599900170047795201210049430819ES-MaACLt|030127s1974 mx ||||1| spa d1 aBayón, Damián.92670410aAventura plástica de Hispanoamérica b: pintura, artes de la acción : 1940-1972 / cpor Damián Bayón. aMéxico : bFondo de Cultura Económica, c1974. a364 p., 72 lám. ; c18 cm.1 aBreviarios del Fondo de Cultura Económica ; v233 aIndice. aBibliografía.0 aBreviarios del Fondo de Cultura Económica ; v2339179682 aES-MaACLjL-8372 bR.109082 c30819d30819 00104070aATENEOMbATENEOMcDEPO2d2008-01-17eSCl0oL-8372p1031834r2023-02-23 00:00:00w2023-02-23yMONOGRAFIA